000 01350nam a2200337Ia 4500
001 ebr10171489
003 CaPaEBR
006 m u
007 cr cn|||||||||
008 060316s2006 nyu sb 000 0 eng d
010 _z 2006044763
020 _z1403970572 (v. 1 : alk. paper)
040 _aCaPaEBR
_cCaPaEBR
035 _a(OCoLC)236344170
050 1 4 _aRA643.86.R8
_bH58 2006eb
082 0 4 _a362.196/979200947
_222
245 0 0 _aHIV/AIDS in Russia and Eurasia.
_nVolume 1
_h[electronic resource] /
_cedited by Judyth L. Twigg ; foreword by Strobe Talbott.
260 _aNew York :
_bPalgrave Macmillan,
_c2006.
300 _axv, 221 p.
490 0 _aHIV/AIDS in Russia and Eurasia ;
_v1
504 _aIncludes bibliographical references.
533 _aElectronic reproduction.
_bPalo Alto, Calif. :
_cebrary,
_d2013.
_nAvailable via World Wide Web.
_nAccess may be limited to ebrary affiliated libraries.
650 0 _aAIDS (Disease)
_zRussia (Federation)
650 0 _aAIDS (Disease)
_zEurasia.
650 0 _aHIV infections
_zRussia (Federation)
650 0 _aHIV infections
_zEurasia.
655 7 _aElectronic books.
_2local
700 1 _aTwigg, Judyth L.
710 2 _aebrary, Inc.
856 4 0 _uhttp://site.ebrary.com/lib/rucke/Doc?id=10171489
_zAn electronic book accessible through the World Wide Web; click to view
999 _c248718
_d248718